Statistics for Can you name the 10 countries with the most islands?

Click here to take the quiz!

General Stats

  • This quiz has been taken 44 times
  • The average score is 9 of 11

Answer Stats

HintAnswer% Correct
52,455 islandsCanada
95%
18,617 islandsunited states of america
90%
6,852 islandsJapan
87%
It is tied with No.10China
85%
17,504 islandsIndonesia
85%
239,057 islandsNorway
85%
8,222 islandsAustralia
82%
178,947 islandsFinland
82%
7,641 islandsPhilippines
82%
267,570 islandsSweden
82%
5,000 islandsChile
59%

Score Distribution

Percentile by Number Answered

Percent of People with Each Score

Your Score History

You have not taken this quiz